Statistics for Municipalities of Ozaukee County, Wisconsin

Click here to take the quiz!

General Stats

  • This quiz has been taken 73 times
  • The average score is 10 of 17

Answers on the Map

Answers color-coded by a green-red scale on the quiz's map according to % correct below.
 

Answer Stats

Municipality% Correct
City of Mequon
81%
City of Port Washington
81%
Town of Port Washington
81%
City of Cedarburg
75%
Town of Cedarburg
75%
Town of Belgium
69%
Town of Grafton
69%
Village of Belgium
69%
Village of Grafton
69%
Village of Thiensville
63%
Town of Saukville
50%
Village of Saukville
50%
Town of Fredonia
44%
Village of Fredonia
44%
Village of Bayside
38%
Census Designated Place of Waubeka
25%
Village of Newburg
25%

Score Distribution

Percentile by Number Answered

Percent of People with Each Score

Your Score History

You have not taken this quiz